000 00289nam a22001337a 4500
008 171005b xxu||||| |||| 00| 0 eng d
020 _a9780534589349
041 _aeng
080 _27 ED
_a159.9
100 _a48
101 _aPSI
245 _aPSYCHOLOGY
_cPLOTNIK.R
942 _2udc
_cBK
999 _c31852
_d31852